000 00397pab a2200157 454500
008 180718b2014 xxu||||| |||| 00| 0 eng d
100 _aBaker, J. Mark
245 _aSmall hydropower development in Himachal Pradesh
260 _c2014
300 _ap.77-86.
362 _a24 May
650 _aHydroelectric power
773 _aEconomic and Political Weekly
908 _aN
909 _a105549
999 _c105544
_d105544